Sports Quiz

Random Sports Quiz

UFC Fighters of 2012 Quiz Stats

 Plays Quiz not verified by Sporcle

Challenge
Share
Tweet
Embed
Score 0/300 Timer 20:00
0 Plays Today
% Correct
Antonio Silva
99.6%
Wanderlei Silva
99.5%
Anderson Silva
99.5%
Anderson Silva
99%
Erick Silva
98.7%
Thiago Silva
98.7%
Erick Silva
98.7%
Thiago Silva
98.4%
Jon Jones
98.2%
Jussier da Silva
98%
Jon Jones
98%
Nate Diaz
97.9%
Benson Henderson
97.5%
Cung Le
97.4%
Benson Henderson
97.4%
Benson Henderson
97.3%
Nick Diaz
97.3%
Nate Diaz
97.3%
Chael Sonnen
97.1%
Frankie Edgar
97%
Antonio Silva
97%
Chael Sonnen
96.9%
Frankie Edgar
96.9%
Michael Bisping
96.5%
Erick Silva
96.5%
Rashad Evans
96.4%
Michael Bisping
96.4%
Rashad Evans
96.4%
Junior dos Santos
96.4%
Cain Velasquez
96.4%
Demetrious Johnson
96%
Demetrious Johnson
96%
Maurício Rua
95.8%
Cung Le
95.7%
Urijah Faber
95.6%
Anthony Johnson
95.5%
Quinton Jackson
95.5%
Frank Mir
95.5%
Demetrious Johnson
95.5%
Georges St. Pierre
95.2%
Lavar Johnson
95.1%
DaMarques Johnson
95.1%
Lavar Johnson
95.1%
Maurício Rua
95%
Lyoto Machida
95%
DaMarques Johnson
95%
José Aldo
94.6%
Roy Nelson
94.6%
Roy Nelson
94.6%
Vitor Belfort
94.5%
Vitor Belfort
94.2%
Alexander Gustafsson
94.2%
Jim Miller
93.8%
Jim Miller
93.8%
Carlos Condit
93.3%
Phil Davis
93.3%
Rich Franklin
93.2%
Carlos Condit
93.1%
Rory MacDonald
93.1%
Phil Davis
93%
Alexander Gustafsson
92.9%
Johny Hendricks
92.6%
Ryan Bader
92.4%
Renan Barão
92.2%
Ryan Bader
92.1%
Rich Franklin
92.1%
Cain Velasquez
91.9%
Joseph Benavidez
91.5%
Junior dos Santos
91.3%
Chris Weidman
91.3%
Jake Ellenberger
91.1%
Jake Ellenberger
91.1%
Jake Ellenberger
91%
Stefan Struve
90.6%
Stefan Struve
90.6%
Antônio Rodrigo Nogueira
90.5%
B.J. Penn
90.5%
Stefan Struve
90.5%
Chad Mendes
90.2%
Renan Barão
90.2%
Johny Hendricks
90.2%
Joseph Benavidez
90.2%
Forrest Griffin
90%
Tito Ortiz
90%
Chris Weidman
89.7%
Josh Koscheck
89.7%
Diego Sanchez
89.7%
Cheick Kongo
89.7%
Rory MacDonald
89.7%
Josh Koscheck
89.7%
Donald Cerrone
89.6%
Travis Browne
89.4%
Ian McCall
89.3%
Ian McCall
89.3%
Stephan Bonnar
88.9%
Fabricio Werdum
88.7%
Fabricio Werdum
88.4%
Anthony Pettis
88.4%
Mark Muñoz
88.3%
Cheick Kongo
88.3%
% Correct
Yushin Okami
88.1%
Demian Maia
88%
Mark Hunt
87.9%
Martin Kampmann
87.9%
Martin Kampmann
87.9%
Martin Kampmann
87.8%
Jake Shields
87.6%
Demian Maia
87.5%
Donald Cerrone
87.5%
Jason MacDonald
87.5%
Jon Fitch
87.4%
Demian Maia
87.4%
Jim Miller
86.7%
Melvin Guillard
86.6%
Pat Barry
86.6%
Melvin Guillard
86.6%
Pat Barry
86.6%
Yushin Okami
86.6%
Gray Maynard
86.5%
Tim Boetsch
86.4%
Matt Brown
86.3%
Clay Guida
86%
Brandon Vera
85.6%
Joe Lauzon
85.6%
Brian Stann
85.4%
Stipe Miocic
85.4%
Jake Shields
85.3%
Thiago Alves
85.3%
Brian Stann
84.8%
Dave Herman
84.7%
Ed Herman
84.7%
Ed Herman
84.4%
Dave Herman
84.4%
Tim Boetsch
84.4%
Dave Herman
84.4%
Joe Lauzon
83.9%
Stipe Miočić
83.5%
Stipe Miočić
83.5%
Joe Lauzon
82.1%
Alan Belcher
81.7%
Chan Sung Jung
81.7%
Dong Hyun Kim
81.5%
Dong Hyun Kim
81.3%
Hector Lombard
81.1%
Mike Swick
80.9%
Patrick Côté
80.9%
Yoshihiro Akiyama
80.8%
Dustin Poirier
80.4%
Yushin Okami
80.3%
Michael McDonald
79.9%
Rousimar Palhares
79%
Rousimar Palhares
79%
Tim Boetsch
78.6%
Alan Belcher
78%
Brendan Schaub
77.7%
Ross Pearson
77.5%
Scott Jorgensen
77.2%
Scott Jorgensen
77.2%
Che Mills
76.4%
John Dodson
76.4%
Edson Barboza
76.3%
Che Mills
75.9%
Dan Hardy
75.9%
Glover Teixeira
75.9%
Mike Russow
75.7%
Ross Pearson
75.7%
Mike Pierce
75.4%
Rick Story
75.4%
Hector Lombard
75.1%
Mike Swick
74.8%
Terry Etim
74.6%
Mike Chiesa
73.7%
George Sotiropoulos
73.5%
Alessio Sakara
73.2%
Cub Swanson
72.9%
Chris Leben
72.3%
Carlo Prater
71.9%
Brad Pickett
71.9%
Ben Rothwell
71.4%
Wagner Prado
71.4%
Costa Philippou
71.1%
Al Iaquinta
71%
Christian Morecraft
70.5%
Rousimar Palhares
70.5%
Fabio Maldonado
70.4%
Jamie Varner
70.3%
Cub Swanson
70.3%
Brad Pickett
70.1%
Shawn Jordan
69.9%
Duane Ludwig
69.8%
Shane del Rosario
69.6%
Paulo Thiago
69.3%
Duane Ludwig
69.2%
Miguel Torres
69.2%
Charlie Brenneman
69.2%
Josh Neer
68.8%
Robert Whittaker
68.8%
Charles Oliveira
68.3%
Charles Oliveira
68.3%
Mike Easton
68%
% Correct
Eddie Wineland
67.9%
Takanori Gomi
67.7%
Josh Neer
67.4%
Josh Neer
67.4%
Yasuhiro Urushitani
66.5%
Amir Sadollah
66.3%
Jay Hieron
66.3%
Mark Hominick
66.1%
Rafael dos Anjos
65.8%
Buddy Roberts
65.3%
Tom Lawlor
65.1%
Mike Easton
64.7%
Mike Massenzio
64.7%
Ivan Menjivar
64.6%
Amir Sadollah
64.3%
Pablo Garza
64%
Brad Scott
64%
Dennis Siver
63.8%
Paulo Thiago
63.8%
Cody McKenzie
63.6%
Cody McKenzie
63.6%
Stanislav Nedkov
63.5%
Mark Hominick
63%
Tom Lawlor
62.5%
Francis Carmont
62.4%
Fabio Maldonado
62.1%
Ivan Menjivar
61.6%
Jeremy Stephens
61.6%
Max Holloway
61.4%
Costa Philippou
61.2%
Matt Hamill
60.3%
Hatsu Hioki
59.8%
Derek Brunson
59.5%
Francis Carmont
59.4%
Siyar Bahadurzada
59.4%
Norman Parke
59%
John Maguire
58.8%
John Maguire
58.5%
Justin Lawrence
58.4%
Yves Jabouin
58.3%
Mark Bocek
58.2%
Rafael dos Anjos
58.2%
Max Holloway
57.6%
Justin Lawrence
57.6%
Cezar Ferreira
57.5%
Sam Stout
57.2%
Phil De Fries
57.1%
Court McGee
56.7%
Mike Pyle
56.7%
Colin Fletcher
56.6%
Yuri Alcantara
55.9%
Eddie Yagin
55.8%
Matt Wiman
55.8%
Brian Ebersole
55.4%
T.J. Dillashaw
55.4%
Hacran Dias
55.4%
James Te-Huna
55.3%
Joey Beltran
55.3%
Justin Edwards
55.3%
Vaughan Lee
55%
Mark Bocek
54.9%
Jonathan Brookins
54.9%
John Hathaway
54.3%
Brian Ebersole
54.1%
Spencer Fisher
54.1%
Mac Danzig
54%
Sergio Moraes
53.8%
Diego Nunes
53.6%
Igor Pokrajac
53.6%
Yves Jabouin
53.1%
James Head
53%
Matthew Riddle
53%
Godofredo Pepey
52.8%
John Cofer
52.7%
T.J. Dillashaw
52.2%
Rony Mariano Bezerra
51.9%
Paul Sass
51.8%
Aaron Simpson
51.5%
Takeya Mizugaki
51.3%
Jared Papazian
49.6%
Aaron Simpson
49.6%
Roger Hollett
48.7%
Damacio Page
47.8%
Bart Palaszewski
47.8%
Chris Clements
46.5%
Clifford Starks
46.4%
TJ Waldburger
46.4%
Karlos Vemola
46%
Jon Tuck
45.5%
Jorge Lopez
45.1%
Tiequan Zhang
43.4%
Walel Watson
43.3%
John Albert
43.3%
John Alessio
43.3%
Jeff Hougland
42.9%
Kenny Robertson
42.2%
Pat Schilling
41.5%
Anthony Njokuani
40.1%
Ronny Markes
39.3%
Jeff Hougland
36.2%

You're not logged in!

Compare scores with friends on all Sporcle quizzes.
OR
Log In

You Might Also Like...

Show Comments

Extras

Created Jun 15, 2012ReportNominate
Tags:2012, fighter, MMA, UFC, UFC Fighters

Top Quizzes Today


Score Distribution

Your Account Isn't Verified!

In order to create a playlist on Sporcle, you need to verify the email address you used during registration. Go to your Sporcle Settings to finish the process.

Report this User

Report this user for behavior that violates our Community Guidelines.

Details: